| 000 | 00754nam a22002177a 4500 | ||
|---|---|---|---|
| 999 |
_c17477 _d17477 |
||
| 003 | AR-CdUCM | ||
| 008 | 190508b ||||| |||| 00| 0 spa d | ||
| 040 |
_aMUNICIPALIDAD PROVINCIAL DEL CUSCO _cBIBLIOTECA MUNICIPAL DEL CUSCO |
||
| 082 |
_a970.004 / _bH21 |
||
| 100 |
_aHanke, Lewis _918725 |
||
| 245 |
_a¿Tienen las Américas una historia común? : _bUna critica de la teoría de Bolton / |
||
| 260 |
_aMéxico : _bDiana, _c1966. |
||
| 300 |
_a284 páginas ; _c19 cm. |
||
| 505 | _aContenido : Precursores -- Documentos -- Reacciones a la controversia ... | ||
| 650 |
_aHistoria _9136 |
||
| 650 |
_aAmérica _91348 |
||
| 650 |
_aControversias _937517 |
||
| 700 |
_aBaralt, María Antonia _937518 |
||
| 942 |
_2ddc _cLIBROS |
||
| 945 |
_arah _d08/05/2019 |
||